• 首页
  • 本馆介绍
  • 公告通知
  • 最新文献
  • 馆藏检索
  • 电子资源
  • 读者导购
  • 参考咨询
  • 我的图书馆
  • 登录
  • 详细信息显示
  • 放入我的书架
  • 预约/预借图书
  • 作者相关作品
  • 分类相关作品
  • 丛书相关作品
  • 出版社相关作品

书目信息

  • 表格格式
  • 工作单格式
  • 卡片格式
题名:
外星人触摸中国
    
 
作者: 张晖 , 梁越 著
分册:  
出版信息: 北京   新世界出版社  2002
页数: 317页
开本: 21cm
丛书名: 旅行与发现丛书
单 册:
中图分类: Q693-49
科图分类:
主题词: 地外生命--普及读物
电子资源:
ISBN: 7-80005-868-9
000 00808oam2 2200253 450
001 1569802686
005 20150204192430.12
010    @a7-80005-868-9@dCNY22.00
100    @a20021115d2002----em-y0chiy0110----ea
101 0  @achi
102    @aCN@b110000
105    @aa---z---000yy
200 1  @a外星人触摸中国@9wai xing ren chu mo zhong guo@f张晖,梁越著
210    @a北京@c新世界出版社@d2002
215    @a317页@c图@d21cm
225 2  @a旅行与发现丛书
330    @a本书内容有:阿尔泰山惊现独目人山谷、三道海子石堆石圈群图案与麦田圈相似、不明由来的神秘石球、北疆神秘大三角中的魔鬼城等。
461  0 @12001 @a旅行与发现丛书
606 0  @a地外生命@j普及读物
690    @aQ693-49@v5
701  0 @a张晖@9zhang hui@4著
701  0 @a梁越@9liang yue@4著
801  0 @aCN@bTSSF@c20150204
905    @aZUCC@dQ693-49@eJY1
    
    外星人触摸中国/张晖,梁越著.-北京:新世界出版社,2002
    317页:图;21cm.-(旅行与发现丛书)
    
    
    ISBN 7-80005-868-9:CNY22.00
    本书内容有:阿尔泰山惊现独目人山谷、三道海子石堆石圈群图案与麦田圈相似、不明由来的神秘石球、北疆神秘大三角中的魔鬼城等。
●
相关链接 在E读中查询图书 在五车中查询图书 在当当中查询图书 在豆瓣中查询图书


正题名:外星人触摸中国     索取号:Q693-49/JY1         预约/预借

序号 登录号 条形码 馆藏地/架位号 状态 备注
1 7835001   278350017   学院路分馆/ [索取号:Q693-49/JY1] 在馆    
2 7835002   278350026   学院路分馆/ [索取号:Q693-49/JY1] 在馆    
3 7835003   278350035   学院路分馆/ [索取号:Q693-49/JY1] 在馆    
唐山师范学院图书馆 欢迎您!
大连网信软件有限公司© 版权所有